| 000 | 00876nam a22002175i 4500 | ||
|---|---|---|---|
| 001 | 102898 | ||
| 003 | ES-MaACL | ||
| 005 | 20230906183217.0 | ||
| 007 | t| | ||
| 008 | 950714s1885 fr ||||1| fre d | ||
| 040 |
_aCAM _bspa _cCAM |
||
| 100 | 1 |
_aDaudirac _cDr. _942808 |
|
| 245 | 1 | 0 |
_aGlanage dans le vieux et le nouveau Cauterets thermal / _cpar le docteur Daudirac. |
| 260 |
_aToulouse : _bEdouard Privat, _c1885. |
||
| 300 |
_a49 p. ; _c20 cm. |
||
| 500 | _aExtrait de la Revue médicale et scientifique d'hydrologie et de climatologie pyrénéennes, année 1885. | ||
| 505 | 8 | _aContiene: Étude rétrospective sur La Fontaine d'Amour o Bains d'En-Bas, de Canarie, de Bruzaud a Cauterets [p.3-24] -- La source de Rieumiset [p. 25-49] | |
| 650 | 4 |
_aAguas minerales- _zFrancia. _9135524 |
|
| 650 | 0 | 4 |
_aBalnearios- _zFrancia. _910481 |
| 852 |
_aES-MaACL _jT-470-F-22 |
||
| 999 |
_c102898 _d102898 |
||